Analysis of the GDP development of Russia and BRICS countries in the context of natural rent

Gespeichert in:
Bibliographische Detailangaben
1. Verfasser: Grešš, Martin, 1978-
Format: Buchkapitel
Sprache:Englisch
Schlagworte:
Tags: Tag hinzufügen
Keine Tags, Fügen Sie das erste Tag hinzu!

MARC

LEADER 00000naa$a2200000$$$4500
001 0194413
005 20240502083451.3
041 0 |a eng 
044 |a RU 
245 1 0 |a Analysis of the GDP development of Russia and BRICS countries in the context of natural rent  |c Martin Grešš 
610 2 0 |a produkt domáci hrubý 
610 2 0 |a rozvoj hospodársky 
610 2 0 |a situácia hospodárska 
610 2 0 |a spolupráca hospodárska medzinárodná 
610 2 0 |a Rusko 
610 2 0 |a BRICS 
100 1 |a Grešš, Martin, 1978-